[Event "Rosenbloom mem."]
[Site "Winnipeg CAN"]
[Date "2017.12.05"]
[Round "5"]
[White "Leaden, Bruce"]
[Black "Viznytsya, Yevhen"]
[Result "0-1"]
[WhiteElo "1539"]
[BlackElo "1613"]
[WhiteFideId "-1"]
[WhiteFideId "-1"]
[PlyCount "44"]
[GameId "2160767908309142"]
[EventDate "2017.11.07"]
[EventType "swiss"]
[EventRounds "7"]
[EventCountry "CAN"]
[SourceTitle "EXT 2022"]
[Source "ChessBase"]
[SourceDate "2021.10.06"]
[SourceVersion "1"]
[SourceVersionDate "2021.10.06"]
[SourceQuality "1"]

1. e4 Nc6 2. Nf3 e5 3. Bb5 d6 4. O-O Bd7 5. c3 h5 6. d4 f6 7. d5 Nce7 8. a4 g5 9. Be2 Ng6 10. Nxg5 fxg5 11. Bxh5 Qf6 12. Qf3 Qxf3 13. Bxg6+ Qf7 14. Bxf7+ Kxf7 15. Bxg5 Be7 16. Bxe7 Nxe7 17. c4 Rag8 18. Ra3 Ng6 19. Rf3+ Ke7 20. Nc3 a6 21. b3 Nf4 22. Re1 Rxg2+ 0-1

[Event "Rosenbloom mem."]
[Site "Winnipeg CAN"]
[Date "2017.12.05"]
[Round "5"]
[White "Letain, Cory"]
[Black "Furda, Evheniya Diana"]
[Result "1-0"]
[WhiteElo "1686"]
[BlackElo "1597"]
[WhiteFideId "-1"]
[WhiteFideId "-1"]
[PlyCount "53"]
[GameId "2160767908309143"]
[EventDate "2017.11.07"]
[EventType "swiss"]
[EventRounds "7"]
[EventCountry "CAN"]
[SourceTitle "EXT 2022"]
[Source "ChessBase"]
[SourceDate "2021.10.06"]
[SourceVersion "1"]
[SourceVersionDate "2021.10.06"]
[SourceQuality "1"]

1. e4 e5 2. Nf3 Nc6 3. Bb5 a6 4. Ba4 Nf6 5. O-O Nxe4 6. Re1 Nc5 7. Bxc6 dxc6 8. Nxe5 Be7 9. Nc3 O-O 10. h3 Be6 11. d4 Nd7 12. Nf3 Nf6 13. Be3 h6 14. a3 Nd5 15. Nxd5 Bxd5 16. Qe2 Re8 17. c4 Be6 18. Rad1 Bd7 19. Ne5 Be6 20. b4 a5 21. Qd2 axb4 22. axb4 Ra4 23. c5 Ra2 24. Qc1 f6 25. Bxh6 Kh7 26. Nxc6 Bf7 27. Nxd8 1-0

[Event "Rosenbloom mem."]
[Site "Winnipeg CAN"]
[Date "2017.12.05"]
[Round "5"]
[White "Mandusic, Ante"]
[Black "Abusaleh, Yazan"]
[Result "0-1"]
[WhiteElo "1344"]
[BlackElo "1498"]
[WhiteFideId "-1"]
[WhiteFideId "-1"]
[PlyCount "48"]
[GameId "2160767908309145"]
[EventDate "2017.11.07"]
[EventType "swiss"]
[EventRounds "7"]
[EventCountry "CAN"]
[SourceTitle "EXT 2022"]
[Source "ChessBase"]
[SourceDate "2021.10.06"]
[SourceVersion "1"]
[SourceVersionDate "2021.10.06"]
[SourceQuality "1"]

1. e4 c6 2. d3 d5 3. Nc3 dxe4 4. Nxe4 Bf5 5. Qe2 Nd7 6. Be3 e5 7. O-O-O h6 8. Nf3 Ngf6 9. Nxf6+ Nxf6 10. Nxe5 Qd5 11. Nc4 b5 12. Nd2 Qxa2 13. Bc5+ Be6 14. Bxf8 Kxf8 15. g3 Re8 16. f3 Ng4 17. fxg4 Bd5 18. Qf2 Bxh1 19. Be2 Bd5 20. h4 Qa1+ 21. Nb1 Ba2 22. Qc5+ Kg8 23. Qxc6 Rxe2 24. Qf3 Qxb1# 0-1

[Event "Rosenbloom mem."]
[Site "Winnipeg CAN"]
[Date "2017.12.05"]
[Round "5"]
[White "Patel, Aalekh"]
[Black "Boron, Anthony"]
[Result "0-1"]
[WhiteElo "1583"]
[BlackElo "2074"]
[WhiteFideId "-1"]
[WhiteFideId "-1"]
[PlyCount "84"]
[GameId "2160767908309146"]
[EventDate "2017.11.07"]
[EventType "swiss"]
[EventRounds "7"]
[EventCountry "CAN"]
[SourceTitle "EXT 2022"]
[Source "ChessBase"]
[SourceDate "2021.10.06"]
[SourceVersion "1"]
[SourceVersionDate "2021.10.06"]
[SourceQuality "1"]

1. e4 c6 2. d4 d5 3. Nc3 dxe4 4. Nxe4 Bf5 5. Ng3 Bg6 6. Nf3 Nd7 7. c3 Ngf6 8. Be2 e6 9. O-O Bd6 10. Ne1 Qc7 11. f4 O-O-O 12. Qa4 Kb8 13. Nd3 Nb6 14. Qb3 Bxd3 15. Bxd3 Nbd5 16. c4 Nb4 17. Be2 c5 18. Bd2 Nc6 19. dxc5 Bxc5+ 20. Be3 Nd4 21. Bxd4 Rxd4 22. Kh1 Rxf4 23. Rxf4 Qxf4 24. Qb5 Rc8 25. Bf3 Qc7 26. Ne4 Nxe4 27. Bxe4 f5 28. Bf3 e5 29. Bd5 a6 30. Qa4 Rd8 31. b4 Bd4 32. Rb1 Qb6 33. Qc2 g6 34. a4 Qc7 35. Qa2 Qd6 36. a5 Rd7 37. b5 Rc7 38. Qa4 Re7 39. bxa6 Qxa6 40. Qb4 Rc7 41. Qf8+ Ka7 42. Rb5 Qxb5 0-1

[Event "Rosenbloom mem."]
[Site "Winnipeg CAN"]
[Date "2017.12.05"]
[Round "5"]
[White "Piche, Zachary"]
[Black "Trueman, Francis"]
[Result "1-0"]
[WhiteElo "1344"]
[BlackElo "1498"]
[WhiteFideId "-1"]
[WhiteFideId "-1"]
[PlyCount "77"]
[GameId "2160767908309147"]
[EventDate "2017.11.07"]
[EventType "swiss"]
[EventRounds "7"]
[EventCountry "CAN"]
[SourceTitle "EXT 2022"]
[Source "ChessBase"]
[SourceDate "2021.10.06"]
[SourceVersion "1"]
[SourceVersionDate "2021.10.06"]
[SourceQuality "1"]

1. Nf3 d6 2. c4 Nd7 3. Nc3 e5 4. d3 Ngf6 5. g3 g6 6. Bg2 Bg7 7. O-O O-O 8. Rb1 a5 9. a3 Re8 10. b4 c6 11. b5 a4 12. bxc6 bxc6 13. Nd2 Qc7 14. Nb5 Qd8 15. Bxc6 Ra6 16. Bg2 Nc5 17. Nc3 Bf5 18. Nce4 Qc7 19. Nxc5 Qxc5 20. Rb5 Qc7 21. Nb1 e4 22. Bf4 Qe7 23. Nc3 Bd7 24. Rb7 Qe6 25. Nxe4 Nxe4 26. Bxe4 Bd4 27. e3 Bb6 28. Bh6 Bc8 29. Bd5 Qh3 30. Bxf7+ Kh8 31. Qa1+ Re5 32. Rxb6 Rxb6 33. f4 Bb7 34. Rf2 Qxh6 35. fxe5 Qg7 36. Bd5 Bxd5 37. cxd5 dxe5 38. Qf1 Qh6 39. Rf8+ 1-0

[Event "Rosenbloom mem."]
[Site "Winnipeg CAN"]
[Date "2017.12.05"]
[Round "5"]
[White "Swift, Ryne"]
[Black "Baron, Gustav"]
[Result "1-0"]
[WhiteElo "2092"]
[BlackElo "2143"]
[WhiteFideId "-1"]
[WhiteFideId "-1"]
[PlyCount "133"]
[GameId "2160767908309148"]
[EventDate "2017.11.07"]
[EventType "swiss"]
[EventRounds "7"]
[EventCountry "CAN"]
[SourceTitle "EXT 2022"]
[Source "ChessBase"]
[SourceDate "2021.10.06"]
[SourceVersion "1"]
[SourceVersionDate "2021.10.06"]
[SourceQuality "1"]

1. e4 c5 2. Nf3 e6 3. d4 cxd4 4. Nxd4 a6 5. Bd3 Qc7 6. Be3 Nf6 7. f4 d6 8. O-O Nbd7 9. c4 b6 10. Nc3 Bb7 11. Nde2 Rc8 12. Ng3 Nc5 13. Bxc5 Qxc5+ 14. Kh1 Be7 15. f5 e5 16. Nh5 O-O 17. Rc1 Qd4 18. Nxf6+ Bxf6 19. Be2 Bg5 20. Rc2 Be3 21. Bd3 f6 22. Rf3 b5 23. cxb5 axb5 24. Qe2 Bh6 25. Nxb5 Qb6 26. Bc4+ Kh8 27. a4 Qc5 28. Rfc3 Qb4 29. b3 Rfd8 30. Bd5 Rxc3 31. Rxc3 Bxd5 32. exd5 g6 33. fxg6 hxg6 34. Qc4 Qxc4 35. Rxc4 Be3 36. g3 f5 37. Kg2 e4 38. Rc7 Bc5 39. Kf1 Kg8 40. h4 Rf8 41. Re7 e3 42. b4 Bxb4 43. Rxe3 f4 44. Rf3 fxg3 45. Rxf8+ Kxf8 46. Kg2 Ke7 47. Kxg3 Kf6 48. Nd4 Be1+ 49. Kg4 Ke7 50. a5 Kd7 51. a6 Kc7 52. Nf3 Bc3 53. Kg5 Kb6 54. a7 Kxa7 55. Kxg6 Kb6 56. Ng5 Ba1 57. Ne4 Be5 58. h5 Bh8 59. Kf7 Kc7 60. Ke7 Bg7 61. Ng5 Be5 62. Nf7 Bg3 63. h6 Bh4+ 64. Ke6 Be1 65. h7 Bc3 66. h8=Q Bxh8 67. Nxh8 1-0

[Event "Rosenbloom mem."]
[Site "Winnipeg CAN"]
[Date "2017.12.05"]
[Round "5"]
[White "Wirtzfeld, Ryan"]
[Black "Magyar, Peter"]
[Result "1/2-1/2"]
[WhiteElo "1334"]
[BlackElo "1506"]
[WhiteFideId "-1"]
[WhiteFideId "-1"]
[PlyCount "47"]
[GameId "2160767908309149"]
[EventDate "2017.11.07"]
[EventType "swiss"]
[EventRounds "7"]
[EventCountry "CAN"]
[SourceTitle "EXT 2022"]
[Source "ChessBase"]
[SourceDate "2021.10.06"]
[SourceVersion "1"]
[SourceVersionDate "2021.10.06"]
[SourceQuality "1"]

1. d4 e6 2. Nf3 Nf6 3. Bg5 c5 4. Nbd2 b6 5. Ne4 Be7 6. Bxf6 Bxf6 7. Nd6+ Ke7 8. Nxc8+ Qxc8 9. e3 Re8 10. c3 Kf8 11. Qd3 a6 12. Nd2 d5 13. Qxh7 Nd7 14. e4 cxd4 15. cxd4 Bxd4 16. Bd3 Ne5 17. Qh8+ Ke7 18. Qh4+ f6 19. Be2 Rh8 20. Qg3 Rg8 21. O-O b5 22. Rac1 Nc4 23. b3 Be5 24. f4 1/2-1/2

[Event "Rosenbloom mem."]
[Site "Winnipeg CAN"]
[Date "2017.12.05"]
[Round "5"]
[White "Wolchock, Theo"]
[Black "Bince, Rolando"]
[Result "1-0"]
[WhiteElo "2034"]
[BlackElo "1992"]
[WhiteFideId "-1"]
[WhiteFideId "-1"]
[PlyCount "74"]
[GameId "2160767908309150"]
[EventDate "2017.11.07"]
[EventType "swiss"]
[EventRounds "7"]
[EventCountry "CAN"]
[SourceTitle "EXT 2022"]
[Source "ChessBase"]
[SourceDate "2021.10.06"]
[SourceVersion "1"]
[SourceVersionDate "2021.10.06"]
[SourceQuality "1"]

1. c4 c5 2. g3 g6 3. Bg2 Bg7 4. Nc3 Nc6 5. e3 e6 6. Nge2 Nge7 7. O-O O-O 8. d4 d6 9. Rb1 Rb8 10. a3 b6 11. b4 cxb4 12. axb4 a5 13. b5 Na7 14. Ba3 Qc7 15. Qb3 Bb7 16. Ne4 Nac8 17. Rfc1 Rd8 18. c5 dxc5 19. dxc5 Bd5 20. Qa4 Bxe4 21. Bxe4 Nd5 22. Qb3 Qe5 23. Bg2 bxc5 24. Bxc5 Ncb6 25. Nd4 Nd7 26. Nc6 Nxc5 27. Rxc5 Qd6 28. Rcc1 a4 29. Qxa4 Ra8 30. Qb3 Ra3 31. Qc4 Nb6 32. Qb4 Bf8 33. Nxd8 Qxb4 34. Rxb4 Bxb4 35. Rc6 Ra1+ 36. Bf1 Ba5 37. Nb7 Nc4 1-0

[Event "Rosenbloom mem."]
[Site "Winnipeg CAN"]
[Date "2017.12.12"]
[Round "6"]
[White "Baron, Gustav"]
[Black "Wolchock, Theo"]
[Result "1/2-1/2"]
[WhiteElo "2143"]
[BlackElo "2034"]
[WhiteFideId "-1"]
[WhiteFideId "-1"]
[PlyCount "45"]
[GameId "2160767908309151"]
[EventDate "2017.11.07"]
[EventType "swiss"]
[EventRounds "7"]
[EventCountry "CAN"]
[SourceTitle "EXT 2022"]
[Source "ChessBase"]
[SourceDate "2021.10.06"]
[SourceVersion "1"]
[SourceVersionDate "2021.10.06"]
[SourceQuality "1"]

1. d4 d5 2. c4 Nc6 3. Nf3 Bg4 4. e3 e6 5. Nbd2 Nf6 6. Bd3 Be7 7. O-O O-O 8. Re1 e5 9. dxe5 Nxe5 10. Be2 Nxc4 11. Nxc4 dxc4 12. Bxc4 Qxd1 13. Rxd1 Rad8 14. Bd2 Ne4 15. Be1 Rxd1 16. Rxd1 Ng5 17. Be2 Nxf3+ 18. gxf3 Be6 19. b3 Rd8 20. Rc1 c6 21. e4 Bg5 22. Rc2 Bf4 23. Bc3 1/2-1/2

[Event "Rosenbloom mem."]
[Site "Winnipeg CAN"]
[Date "2017.12.12"]
[Round "6"]
[White "Bince, Rolando"]
[Black "Czypinski, Jaroslaw"]
[Result "1/2-1/2"]
[WhiteElo "1992"]
[BlackElo "1933"]
[WhiteFideId "-1"]
[WhiteFideId "-1"]
[PlyCount "71"]
[GameId "2160767908309152"]
[EventDate "2017.11.07"]
[EventType "swiss"]
[EventRounds "7"]
[EventCountry "CAN"]
[SourceTitle "EXT 2022"]
[Source "ChessBase"]
[SourceDate "2021.10.06"]
[SourceVersion "1"]
[SourceVersionDate "2021.10.06"]
[SourceQuality "1"]

1. e4 e5 2. Nf3 Nc6 3. Bb5 a6 4. Ba4 d6 5. O-O Nf6 6. d3 Be7 7. c3 O-O 8. Re1 b5 9. Bc2 Bg4 10. h3 Bh5 11. g4 Nxg4 12. hxg4 Bxg4 13. Bb3 Na5 14. Nbd2 Nxb3 15. Qxb3 Kh8 16. Nh2 Be6 17. Qd1 f5 18. Ndf3 g5 19. exf5 Bxf5 20. Kh1 g4 21. Ng1 Bh4 22. Be3 g3 23. fxg3 Bxg3 24. Qh5 Bxd3 25. Nhf3 Rf5 26. Qg4 Bxe1 27. Rxe1 Qf6 28. Bg5 Qg6 29. Nh3 Qf7 30. Nh4 Rf1+ 31. Rxf1 Qxf1+ 32. Ng1 Rf8 33. Ng2 Qf5 34. Qxf5 Rxf5 35. Bh4 Be4 36. Kh2 1/2-1/2

[Event "Rosenbloom mem."]
[Site "Winnipeg CAN"]
[Date "2017.12.12"]
[Round "6"]
[White "Boron, Anthony"]
[Black "Swift, Ryne"]
[Result "1-0"]
[WhiteElo "2074"]
[BlackElo "2092"]
[WhiteFideId "-1"]
[WhiteFideId "-1"]
[PlyCount "86"]
[GameId "2160767908309153"]
[EventDate "2017.11.07"]
[EventType "swiss"]
[EventRounds "7"]
[EventCountry "CAN"]
[SourceTitle "EXT 2022"]
[Source "ChessBase"]
[SourceDate "2021.10.06"]
[SourceVersion "1"]
[SourceVersionDate "2021.10.06"]
[SourceQuality "1"]

1. d4 d5 2. Bg5 Nf6 3. Bxf6 exf6 4. e3 Bd6 5. g3 c6 6. Bg2 Be6 7. Ne2 Nd7 8. Nd2 Qc7 9. a3 O-O 10. O-O b5 11. b4 f5 12. c3 a5 13. Qc2 Nb6 14. Rfd1 Ra7 15. Qb2 Rfa8 16. Rdc1 Ra6 17. Nb3 Nc4 18. Qc2 axb4 19. axb4 Rxa1 20. Rxa1 Rxa1+ 21. Nxa1 Qa7 22. Nb3 Qa4 23. Nec1 g6 24. Bf1 Bf8 25. Bd3 Bh6 26. Nc5 Qxc2 27. Bxc2 Nxe3 28. Bd3 Nd1 29. Ne2 f4 30. Kg2 fxg3 31. hxg3 Bg4 32. f3 Bc8 33. Nb3 Kf8 34. Na5 Bd7 35. Nb3 Ke7 36. f4 Bg4 37. Nbc1 f5 38. Bb1 g5 39. Ba2 gxf4 40. gxf4 Bg7 41. Bb3 Nb2 42. Bc2 Na4 43. Kf2 Nxc3 1-0

[Event "Rosenbloom mem."]
[Site "Winnipeg CAN"]
[Date "2017.12.12"]
[Round "6"]
[White "Gannon, Keith"]
[Black "Czarny, Keith"]
[Result "1-0"]
[WhiteElo "1462"]
[BlackElo "1688"]
[WhiteFideId "-1"]
[WhiteFideId "-1"]
[PlyCount "79"]
[GameId "2160767908309154"]
[EventDate "2017.11.07"]
[EventType "swiss"]
[EventRounds "7"]
[EventCountry "CAN"]
[SourceTitle "EXT 2022"]
[Source "ChessBase"]
[SourceDate "2021.10.06"]
[SourceVersion "1"]
[SourceVersionDate "2021.10.06"]
[SourceQuality "1"]

1. e4 e6 2. Nf3 d5 3. exd5 exd5 4. d4 Bg4 5. Be2 Bd6 6. h3 Bh5 7. O-O Ne7 8. Nc3 O-O 9. Nb5 Re8 10. Nxd6 Qxd6 11. Re1 Nd7 12. Ne5 Bxe2 13. Rxe2 Rad8 14. Nxd7 Rxd7 15. a3 Kf8 16. Bd2 b6 17. Qe1 c5 18. dxc5 bxc5 19. b4 Qb8 20. bxc5 Nc6 21. Rb1 Qd8 22. Bf4 Rxe2 23. Qxe2 Re7 24. Qb5 Re6 25. Bd6+ Rxd6 26. cxd6 Qxd6 27. Re1 g6 28. a4 f6 29. a5 d4 30. a6 Ne5 31. Qb7 Qc5 32. Qa8+ Kg7 33. Rb1 d3 34. cxd3 Nxd3 35. Rb7+ Kh6 36. Qxa7 Qc1+ 37. Kh2 Qf4+ 38. g3 Qf3 39. Rxh7+ Kg5 40. Qe3+ 1-0

[Event "Rosenbloom mem."]
[Site "Winnipeg CAN"]
[Date "2017.12.12"]
[Round "6"]
[White "Green, Jim"]
[Black "Gerona, Joshua"]
[Result "1-0"]
[WhiteElo "1871"]
[BlackElo "1995"]
[WhiteFideId "-1"]
[WhiteFideId "-1"]
[PlyCount "67"]
[GameId "2160767908309155"]
[EventDate "2017.11.07"]
[EventType "swiss"]
[EventRounds "7"]
[EventCountry "CAN"]
[SourceTitle "EXT 2022"]
[Source "ChessBase"]
[SourceDate "2021.10.06"]
[SourceVersion "1"]
[SourceVersionDate "2021.10.06"]
[SourceQuality "1"]

1. e4 c6 2. d4 d5 3. e5 e6 4. Nf3 c5 5. c3 cxd4 6. cxd4 Bb4+ 7. Bd2 Qb6 8. a3 Bxd2+ 9. Qxd2 Ne7 10. Bd3 O-O 11. Nc3 Bd7 12. O-O a5 13. Rfe1 Nbc6 14. h4 a4 15. Rad1 f6 16. exf6 gxf6 17. Qc2 Rf7 18. Nxa4 Rxa4 19. Qxa4 Ne5 20. Qc2 Nxf3+ 21. gxf3 Kh8 22. Qc3 e5 23. dxe5 Rg7+ 24. Kf1 Bh3+ 25. Ke2 Rg2 26. Rf1 Nc6 27. Bc2 d4 28. Qd3 f5 29. Rh1 Qc5 30. Rxh3 Qxe5+ 31. Kf1 Qg7 32. Rg3 Rxg3 33. fxg3 Qxg3 34. Qxf5 1-0

[Event "Rosenbloom mem."]
[Site "Winnipeg CAN"]
[Date "2017.12.12"]
[Round "6"]
[White "Lysak, Andriy"]
[Black "Wirtzfeld, Ryan"]
[Result "1-0"]
[WhiteElo "1668"]
[BlackElo "1334"]
[WhiteFideId "-1"]
[WhiteFideId "-1"]
[PlyCount "83"]
[GameId "2160767908309156"]
[EventDate "2017.11.07"]
[EventType "swiss"]
[EventRounds "7"]
[EventCountry "CAN"]
[SourceTitle "EXT 2022"]
[Source "ChessBase"]
[SourceDate "2021.10.06"]
[SourceVersion "1"]
[SourceVersionDate "2021.10.06"]
[SourceQuality "1"]

1. e4 c5 2. Nf3 d6 3. c3 Bg4 4. d4 Nc6 5. Be2 Nf6 6. d5 Ne5 7. Nxe5 Bxe2 8. Qxe2 dxe5 9. O-O Qd7 10. a4 Rd8 11. Nd2 e6 12. Nc4 exd5 13. exd5 Qxd5 14. Nxe5 Qe6 15. Bg5 Be7 16. Qb5+ Nd7 17. Rfe1 a6 18. Qxb7 f6 19. Nc6 Ne5 20. Nxe5 fxe5 21. Qxe7+ Qxe7 22. Bxe7 Kxe7 23. Rxe5+ Kd6 24. Rae1 Kc6 25. Re6+ Rd6 26. f4 Rb8 27. Rxd6+ Kxd6 28. Rd1+ Kc6 29. Rd2 c4 30. Kf2 Re8 31. Rd4 Kc5 32. Kf3 Rb8 33. Rd2 Re8 34. Re2 Rxe2 35. Kxe2 Kd5 36. Ke3 Kc5 37. Ke4 a5 38. g4 h6 39. h4 g6 40. h5 gxh5 41. gxh5 Kd6 42. Kd4 1-0

[Event "Rosenbloom mem."]
[Site "Winnipeg CAN"]
[Date "2017.12.12"]
[Round "6"]
[White "Reimer, Bruce"]
[Black "Piche, Zachary"]
[Result "0-1"]
[WhiteElo "1607"]
[BlackElo "1344"]
[WhiteFideId "-1"]
[WhiteFideId "-1"]
[PlyCount "116"]
[GameId "2160767908309158"]
[EventDate "2017.11.07"]
[EventType "swiss"]
[EventRounds "7"]
[EventCountry "CAN"]
[SourceTitle "EXT 2022"]
[Source "ChessBase"]
[SourceDate "2021.10.06"]
[SourceVersion "1"]
[SourceVersionDate "2021.10.06"]
[SourceQuality "1"]

1. c4 c5 2. g3 g6 3. Bg2 Bg7 4. Nc3 Nc6 5. a3 a5 6. e4 Nf6 7. Nge2 O-O 8. O-O d6 9. d3 Bd7 10. h3 Qb6 11. Rb1 Qc7 12. f4 e6 13. Nb5 Qb8 14. Kh2 d5 15. a4 Nb4 16. cxd5 exd5 17. e5 Ne8 18. Nec3 d4 19. Nd5 Bxb5 20. axb5 Nxd5 21. Bxd5 Nc7 22. Bc4 Qe8 23. b6 Na6 24. Qf3 Qc6 25. Qxc6 bxc6 26. Bd2 Nb4 27. e6 Nd5 28. exf7+ Rxf7 29. Ra1 a4 30. Rfe1 Rb7 31. b3 Rxb6 32. bxa4 Rb2 33. Re2 Kf8 34. Kg2 Ne3+ 35. Kf3 Nxc4 36. dxc4 d3 37. Rg2 Rxd2 38. Rxd2 Bxa1 39. Ra2 Bd4 40. a5 Ke7 41. a6 Ra7 42. Ra3 d2 43. Ke2 d1=Q+ 44. Kxd1 Kd7 45. Ra2 Kc7 46. Re2 Kb6 47. Re6 Rxa6 48. Re7 Ra7 49. Re6 Ra4 50. Re7 Rxc4 51. Rxh7 Ra4 52. Rh6 c4 53. Rxg6 c3 54. f5 Rc4 55. Kc2 Ra4 56. f6 Ra2+ 57. Kc1 c2 58. f7 Be3# 0-1

[Event "Rosenbloom mem."]
[Site "Winnipeg CAN"]
[Date "2017.12.12"]
[Round "6"]
[White "Rutter, Blair"]
[Black "Kernetsky, Myron"]
[Result "0-1"]
[WhiteElo "2015"]
[BlackElo "2085"]
[WhiteFideId "-1"]
[WhiteFideId "-1"]
[PlyCount "90"]
[GameId "2160767908317351"]
[EventDate "2017.11.07"]
[EventType "swiss"]
[EventRounds "7"]
[EventCountry "CAN"]
[SourceTitle "EXT 2022"]
[Source "ChessBase"]
[SourceDate "2021.10.06"]
[SourceVersion "1"]
[SourceVersionDate "2021.10.06"]
[SourceQuality "1"]

1. c4 e5 2. Nc3 Nc6 3. g3 d6 4. Bg2 f5 5. e3 Nf6 6. Nge2 Be7 7. d3 O-O 8. a3 Qe8 9. b4 Bd8 10. Qb3 Kh8 11. b5 Ne7 12. Bd2 Qh5 13. f4 Ng6 14. O-O-O a6 15. Rdf1 exf4 16. Bf3 Qh6 17. h4 fxe3 18. Be1 Ne5 19. Kc2 axb5 20. Nxb5 Nfd7 21. Bb4 Nxf3 22. Rxf3 Ne5 23. Rf4 Qh5 24. Kd1 Bd7 25. d4 Ng4 26. Be1 Bf6 27. Rhf1 Rfe8 28. Qd3 Rac8 29. Kc1 Qf7 30. Kb1 Qe7 31. Ka2 c6 32. Nbc3 Ra8 33. Nb1 Qf7 34. Bb4 Be6 35. Rc1 Red8 36. Rxf5 Bxf5 37. Qxf5 Qd7 38. Qf4 Qe6 39. Kb2 h5 40. c5 dxc5 41. Rxc5 g6 42. Rc1 b6 43. Bc3 Ra4 44. Qc7 Qc4 45. Nf4 Rg8 0-1

[Event "Rosenbloom mem."]
[Site "Winnipeg CAN"]
[Date "2017.12.12"]
[Round "6"]
[White "Trueman, Francis"]
[Black "Letain, Cory"]
[Result "1-0"]
[WhiteElo "1498"]
[BlackElo "1686"]
[WhiteFideId "-1"]
[WhiteFideId "-1"]
[PlyCount "55"]
[GameId "2160767908317352"]
[EventDate "2017.11.07"]
[EventType "swiss"]
[EventRounds "7"]
[EventCountry "CAN"]
[SourceTitle "EXT 2022"]
[Source "ChessBase"]
[SourceDate "2021.10.06"]
[SourceVersion "1"]
[SourceVersionDate "2021.10.06"]
[SourceQuality "1"]

1. e4 e5 2. Nf3 Nf6 3. d3 Nc6 4. Nbd2 Bc5 5. h3 d5 6. g3 h6 7. Bg2 Be6 8. O-O Qd7 9. Kh2 O-O-O 10. Qe2 g5 11. exd5 Nxd5 12. Ne4 Be7 13. g4 Rdg8 14. Ng3 Nf4 15. Bxf4 exf4 16. Nh5 f5 17. Rae1 Rg6 18. Ne5 Qd6 19. Bf3 Nd4 20. Qd1 Nxf3+ 21. Qxf3 fxg4 22. hxg4 Bd5 23. Qe2 f3 24. Qe3 Bf6 25. d4 Kb8 26. Kh3 Bxe5 27. Qxe5 Re6 28. Qxh8+ 1-0

[Event "Rosenbloom mem."]
[Site "Winnipeg CAN"]
[Date "2017.12.12"]
[Round "6"]
[White "Viznytsya, Yevhen"]
[Black "He, Michael"]
[Result "1-0"]
[WhiteElo "1613"]
[BlackElo "1260"]
[WhiteFideId "-1"]
[WhiteFideId "-1"]
[PlyCount "91"]
[GameId "2160767908317353"]
[EventDate "2017.11.07"]
[EventType "swiss"]
[EventRounds "7"]
[EventCountry "CAN"]
[SourceTitle "EXT 2022"]
[Source "ChessBase"]
[SourceDate "2021.10.06"]
[SourceVersion "1"]
[SourceVersionDate "2021.10.06"]
[SourceQuality "1"]

1. d4 d5 2. Nf3 Nf6 3. e3 c5 4. c4 dxc4 5. Bxc4 Qa5+ 6. Bd2 Qb6 7. Bc3 cxd4 8. Bxd4 Qb4+ 9. Nbd2 Nc6 10. a3 Qd6 11. O-O e5 12. Bc3 Bg4 13. Qc2 Rc8 14. Rad1 Qd7 15. Be2 e4 16. Bxf6 gxf6 17. Nxe4 Qe6 18. Ng3 h5 19. h4 Bd6 20. Rfe1 Bxg3 21. fxg3 Qxe3+ 22. Kh2 Ne5 23. Qxc8+ Bxc8 24. Bb5+ Kf8 25. Rxe3 Ng4+ 26. Kg1 Nxe3 27. Rd2 Nf5 28. Kf2 Ke7 29. Nd4 Nd6 30. Bd3 Rd8 31. Re2+ Be6 32. Nf5+ Nxf5 33. Bxf5 Kd6 34. Rd2+ Kc7 35. Rxd8 Kxd8 36. Be4 b5 37. Bf3 Kd7 38. Bxh5 Kd6 39. Be2 Kc5 40. h5 a5 41. h6 Bf5 42. Ke3 a4 43. Bd3 Bxd3 44. Kxd3 b4 45. axb4+ Kxb4 46. Kc2 1-0

[Event "Rosenbloom mem."]
[Site "Winnipeg CAN"]
[Date "2017.12.19"]
[Round "7"]
[White "Abusaleh, Yazan"]
[Black "Trueman, Francis"]
[Result "0-1"]
[WhiteElo "1274"]
[BlackElo "1498"]
[WhiteFideId "-1"]
[WhiteFideId "-1"]
[PlyCount "47"]
[GameId "2160767908317354"]
[EventDate "2017.11.07"]
[EventType "swiss"]
[EventRounds "7"]
[EventCountry "CAN"]
[SourceTitle "EXT 2022"]
[Source "ChessBase"]
[SourceDate "2021.10.06"]
[SourceVersion "1"]
[SourceVersionDate "2021.10.06"]
[SourceQuality "1"]

1. e4 d6 2. d4 Nd7 3. Bc4 e5 4. Nf3 h6 5. d5 Ngf6 6. Nc3 g6 7. O-O Bg7 8. Bb5 O-O 9. Be3 Kh8 10. Qd2 Ng4 11. Rfe1 Nxe3 12. Rxe3 Nf6 13. h3 Nh7 14. Nh2 h5 15. Rg3 h4 16. Rd3 Rg8 17. Re1 g5 18. Rde3 Bh6 19. Qe2 Nf6 20. Nd1 g4 21. hxg4 Nxg4 22. Rh3 Qg5 23. Ne3 Nf6 24. Rf3 0-1

[Event "Rosenbloom mem."]
[Site "Winnipeg CAN"]
[Date "2017.12.19"]
[Round "7"]
[White "Czypinski, Jaroslaw"]
[Black "Viznytsya, Yevhen"]
[Result "1-0"]
[WhiteElo "1933"]
[BlackElo "1613"]
[WhiteFideId "-1"]
[WhiteFideId "-1"]
[PlyCount "65"]
[GameId "2160767908317355"]
[EventDate "2017.11.07"]
[EventType "swiss"]
[EventRounds "7"]
[EventCountry "CAN"]
[SourceTitle "EXT 2022"]
[Source "ChessBase"]
[SourceDate "2021.10.06"]
[SourceVersion "1"]
[SourceVersionDate "2021.10.06"]
[SourceQuality "1"]

1. e4 Nc6 2. Nf3 e5 3. Bb5 d6 4. d4 Bd7 5. O-O Nf6 6. Nc3 g6 7. Bg5 Bg7 8. dxe5 Nxe5 9. Nxe5 dxe5 10. Bxd7+ Qxd7 11. Qxd7+ Nxd7 12. Nd5 c6 13. Nc7+ Kf8 14. Nxa8 f6 15. Be3 Ke7 16. Nc7 Rc8 17. Na6 bxa6 18. Rfd1 Rc7 19. Rd3 c5 20. Rad1 h6 21. Rxd7+ Rxd7 22. Bxc5+ Ke6 23. Rxd7 Kxd7 24. Bxa7 Bf8 25. Kf1 Kc6 26. Ke2 f5 27. Kd3 f4 28. Bb8 Bg7 29. Kc4 Kb7 30. Bd6 Kc6 31. Be7 Kd7 32. Bc5 Kc6 33. b4 1-0

[Event "Rosenbloom mem."]
[Site "Winnipeg CAN"]
[Date "2017.12.19"]
[Round "7"]
[White "Einarsson, Ken"]
[Black "Boron, Anthony"]
[Result "1-0"]
[WhiteElo "1785"]
[BlackElo "2074"]
[WhiteFideId "-1"]
[WhiteFideId "-1"]
[PlyCount "69"]
[GameId "2160767908317356"]
[EventDate "2017.11.07"]
[EventType "swiss"]
[EventRounds "7"]
[EventCountry "CAN"]
[SourceTitle "EXT 2022"]
[Source "ChessBase"]
[SourceDate "2021.10.06"]
[SourceVersion "1"]
[SourceVersionDate "2021.10.06"]
[SourceQuality "1"]

1. d4 d5 2. c4 e6 3. Nc3 Nf6 4. e3 Be7 5. Nf3 O-O 6. Qc2 a6 7. cxd5 exd5 8. Bd3 Re8 9. O-O Nbd7 10. Ne5 Nf8 11. Bd2 c6 12. Rad1 Bd6 13. f4 Ng4 14. Bf5 Nh6 15. Bxc8 Qxc8 16. Ne2 f6 17. Nd3 Ng6 18. Ng3 Ng4 19. Rde1 Qd7 20. Nc5 Qf7 21. Nf5 Bf8 22. Qd1 Nh6 23. Nxh6+ gxh6 24. f5 Ne7 25. Nxb7 Nxf5 26. Rxf5 Qxb7 27. Rxf6 Bg7 28. Qg4 Qxb2 29. Bc1 Qc3 30. Ref1 Ra7 31. Re6 Rb8 32. Qh5 Bf8 33. Re8 Qb4 34. Ba3 Qxa3 35. Rxb8 1-0